[Event "ESP-ch U16 Rapid"]
[Site "Salobrena"]
[Date "2022.07.30"]
[Round "2"]
[White "Revaliente Montoya, Ciro"]
[Black "Sicilia Laino, Juan Diego"]
[Result "1-0"]
[WhiteElo "1743"]
[BlackElo "1486"]
[PlyCount "81"]
[EventDate "2022.07.30"]
[EventType "swiss (rapid)"]
[EventRounds "9"]
[EventCountry "ESP"]
[SourceTitle "EXT 2023"]
[Source "ChessBase"]
[SourceDate "2022.10.05"]
[SourceVersion "1"]
[SourceVersionDate "2022.10.05"]
[SourceQuality "1"]

1. e4 c5 2. Nc3 Nc6 3. Nge2 d6 4. d4 cxd4 5. Nxd4 Nf6 6. Nd5 Nxd5 7. exd5 Qa5+ 8. Bd2 Qxd5 9. Nb5 Qe6+ 10. Be2 Qd7 11. c4 a6 12. Nc3 e6 13. Be3 Be7 14. 0-0 0-0 15. Qd2 Qc7 16. Rac1 Bd7 17. Na4 Ne5 18. Nb6 Rad8 19. b4 Be8 20. a4 Nd7 21. a5 f5 22. Rfd1 Qb8 23. b5 Nc5 24. Bxc5 dxc5 25. Qe3 Rxd1+ 26. Rxd1 Rf6 27. Nd7 Bxd7 28. Rxd7 Bd6 29. Qg5 Qf8 30. Rxb7 h6 31. Qe3 f4 32. Qe4 Rf5 33. Qxe6+ Kh8 34. Rd7 Rf6 35. Qe4 Qc8 36. Bd3 g6 37. Rxd6 Rxd6 38. Qe5+ Kh7 39. Qxd6 Qe8 40. Bxg6+ Qxg6 41. Qxg6+ 1-0

[Event "ESP-ch U16"]
[Site "Salobrena"]
[Date "2022.07.28"]
[Round "6"]
[White "Sanchez Aguilar, Arnau"]
[Black "Revaliente Montoya, Ciro"]
[Result "0-1"]
[WhiteElo "1970"]
[BlackElo "2163"]
[PlyCount "104"]
[EventDate "2022.07.25"]
[EventType "swiss"]
[EventRounds "9"]
[EventCountry "ESP"]
[SourceTitle "EXT 2023"]
[Source "ChessBase"]
[SourceDate "2022.10.05"]
[SourceVersion "1"]
[SourceVersionDate "2022.10.05"]
[SourceQuality "1"]

1. d4 Nf6 2. Nc3 d5 3. Bf4 c5 4. e3 a6 5. dxc5 Nc6 6. Nf3 Qa5 7. Be2 Ne4 8. 0-0 Nxc3 9. bxc3 Qxc5 10. Qd3 Bg4 11. e4 dxe4 12. Qxe4 Bf5 13. Qa4 Qxc3 14. Rfc1 Qb4 15. Qxb4 Nxb4 16. Nd4 Be4 17. f3 Bg6 18. Rcb1 e6 19. a3 Nd5 20. Be5 Bc5 21. Kh1 Nc3 22. Re1 Nxe2 23. Rxe2 0-0 24. Nb3 Be7 25. h3 Rac8 26. Ra2 Rfd8 27. a4 f6 28. Bd4 Kf7 29. Bb6 Rd6 30. a5 e5 31. Kh2 Rdc6 32. Na1 Bd6 33. Kg1 Bc5+ 34. Bxc5 Rxc5 35. Rd2 Ke6 36. Kf2 h6 37. Ke2 Rb5 38. Rd1 Rcc5 39. g4 Rxa5 40. Nb3 Rxa2 41. Nxc5+ Ke7 42. Rd7+ Ke8 43. Rxg7 Rxc2+ 44. Kd1 Rxc5 45. Rxg6 Kf7 46. Rxh6 Kg7 47. Rh5 a5 48. h4 a4 49. g5 a3 50. gxf6+ Kxf6 51. Rh8 Ra5 52. Rc8 a2 0-1